000
00245nam a2200097Ia 4500
001
692095
005
20250826161848.0
008
250824s9999 xx 000 0 und d
245
0
_a
MAZİYE BİR BAKIVER
_c
DURSUN GÜRLEK
260
_b
TİMAŞ YAYINLARI
999
_c
692095
_d
692095